000 00544nam a2200217Ia 4500
003 OSt
005 20220928151622.0
006 a|||||r|||| 00| 0
007 ta
008 220927b |||||||| |||| 00| 0 eng d
024 _a128930
037 _cTextual
040 _aSDCL
_cSDCL
_beng
041 _2eng
_aeng
082 _aO-vL, J7
100 _aTurberville A S
245 0 _aEnglish men and manners in the eighteenth century
260 _c1967
942 _hO-vL, J7
_cTEXL
_2CC
999 _c852117
_d852117